| 000 | 01292nam a2200301 a 4500 | ||
|---|---|---|---|
| 001 | BRCA_8505 | ||
| 005 | 20190320210319.0 | ||
| 008 | 210616s2014----ph-a######---#000-0#eng-# | ||
| 020 | _a9789719360490 | ||
| 041 | _aengspa | ||
| 050 | 4 |
_aHE859 _b.M36 2014 |
|
| 245 | 1 | 0 |
_aThe Manila Galleon _bcrossing the atlantic = El Galeón de Manila : cruzando el atlántico _cEdgardo J. Angara, José María A. Cariño, Sonia Pinto Ner, editors ; contributing writers, Thomas Calvo ... [et al.]. |
| 260 |
_aManila, Filipinas _bRural Empowerment Assistance and Development (READ) Foundation _cc2014 |
||
| 300 |
_a240 p. _bil. (algunas a color), mapas _c28 cm. |
||
| 500 | _aIncluye índice alfabético | ||
| 504 | _aBibliografía : p. 215-217 | ||
| 546 | _aTexto en : inglés y español | ||
| 650 | 1 | 4 |
_aTransporte acuático _xHistoria _zEspaña _921322 |
| 650 | 1 | 4 |
_aMarina mercante _xHistoria _zEspaña _921323 |
| 651 | 4 |
_aEspaña _xComercio _zFilipinas _921324 |
|
| 651 | 4 |
_aFilipinas _xComercio _zEspaña _921325 |
|
| 700 | 1 |
_aCalvo, Thomas _921326 |
|
| 700 | 1 |
_aAngara, Edgardo J. _d1934- _eed. _921327 |
|
| 700 | 1 |
_aCariño, José María A. _q(José María Ancheta) _eed. _921328 |
|
| 700 | 1 |
_aPinto Ner, Sonia _eed. _921329 |
|
| 740 | 0 | _aEl Galeón de Manila : cruzando el atlántico | |
| 942 |
_2lcc _cB |
||
| 999 |
_c8171 _d8171 |
||